Champion du Monde en titre (Mai 2019) - Statistiques

Statistiques générales
  • Ce quiz a été pris 73 fois
  • Le résultat moyen est 15 sur 29
Statistiques - réponses
Sport Année Nation % Correct
Football M 2018 France
100%
Basketball M 2014 États-Unis
96%
Rugby à XV M 2015 Nouvelle-Zélande
94%
Basketball F 2018 États-Unis
93%
Football F 2015 États-Unis
90%
Handball M 2017 France
86%
Rugby à XV F 2017 Nouvelle-Zélande
83%
Handball F 2017 France
81%
Athlétisme : 100m M 2017 États-Unis
71%
Athlétisme : 100m F 2017 États-Unis
70%
Athlétisme : Décathlon M 2017 France
69%
Natation : 4x100m nage libre M 2017 États-Unis
64%
Natation : 4x100m nage libre F 2017 États-Unis
63%
Judo (par équipe, mixte) 2018 Japon
63%
Athlétisme : 4x100m F 2017 États-Unis
56%
Volleyball M 2018 Pologne
44%
Badminton M 2018 Japon
37%
Athlétisme : 4x100m M 2017 Royaume-Uni
37%
Cyclisme sur route M 2018 Espagne
33%
Natation : 50m dos M 2017 France
30%
Cyclisme sur route F 2018 Pays-Bas
26%
Athlétisme : Heptathlon F 2017 Belgique
20%
Natation : 200m nage libre M 2017 Chine
17%
Waterpolo M 2017 Croatie
16%
Waterpolo F 2017 États-Unis
16%
Natation : 200m nage libre F 2017 Italie
16%
Volleyball F 2018 Serbie
13%
Natation : 50m dos F 2017 Brésil
6%
Badminton F 2018 Espagne
6%
Aucun quiz correspondant
Distribution des résultats
% des personnes avec chaque résultat
Percentile par nombre de réponses
Votre historique - résultats
Vous n’avez pas pris ce quiz